MATERIAL AND MATERIAL SCIENCE (Record no. 7719)
[ view plain ]
| 000 -LEADER | |
|---|---|
| fixed length control field | 00332nam a2200145Ia 4500 |
| 003 - CONTROL NUMBER IDENTIFIER | |
| control field | OSt |
| 005 - DATE AND TIME OF LATEST TRANSACTION | |
| control field | 20240309115434.0 |
| 008 - FIXED-LENGTH DATA ELEMENTS--GENERAL INFORMATION | |
| fixed length control field | 170524s9999 xx 000 0 und d |
| 020 ## - INTERNATIONAL STANDARD BOOK NUMBER | |
| International Standard Book Number | NIL |
| 040 ## - CATALOGING SOURCE | |
| Transcribing agency | IIMTU MEERUT |
| 100 ## - MAIN ENTRY--PERSONAL NAME | |
| Personal name | GUPTA- J. M. L. |
| 245 #0 - TITLE STATEMENT | |
| Title | MATERIAL AND MATERIAL SCIENCE |
| 260 ## - PUBLICATION, DISTRIBUTION, ETC. | |
| Name of publisher, distributor, etc. | BHARAT BHARTI |
| 942 ## - ADDED ENTRY ELEMENTS (KOHA) | |
| Source of classification or shelving scheme | |
| Koha item type | Book Bank |
| Withdrawn status | Lost status | Source of classification or shelving scheme | Damaged status | Not for loan | Home library | Current library | Date acquired | Total Checkouts | Total Renewals | Full call number | Barcode | Date last seen | Date last checked out | Price effective from | Koha item type |
|---|---|---|---|---|---|---|---|---|---|---|---|---|---|---|---|
| IIMT University Central Library Meerut | IIMT University Central Library Meerut | 05/31/2017 | 1 | 1 | R | 01-B-80832 | 09/23/2017 | 09/09/2017 | 05/31/2017 | Reference Book | |||||
| IIMT University Central Library Meerut | IIMT University Central Library Meerut | 05/31/2017 | 01-B-80833 | 05/31/2017 | 05/31/2017 | Book Bank | |||||||||
| IIMT University Central Library Meerut | IIMT University Central Library Meerut | 05/31/2017 | 01-B-80834 | 05/31/2017 | 05/31/2017 | Book Bank | |||||||||
| IIMT University Central Library Meerut | IIMT University Central Library Meerut | 05/31/2017 | 01-B-80835 | 05/31/2017 | 05/31/2017 | Book Bank | |||||||||
| IIMT University Central Library Meerut | IIMT University Central Library Meerut | 05/31/2017 | 2 | 01-B-80836 | 12/01/2022 | 09/29/2022 | 05/31/2017 | Book Bank |

